000 00785nam a2200241Ia 4500
003 GCL
008 140319s9999 xx 000 0 ara d
040 _aGCL /
_cGCL
082 0 4 _a911
_bم د
100 1 _aمحمد الفتحى بكير
245 1 0 _aدراسات فى الجغرافية التاريخية /
_cمحمد الفتحى بكير
260 _aالقاهرة :
_bدار المعرفة الجامعية ،
_c1993
300 _a420 ؛
_c24 سم
650 0 4 _aمصر
650 0 4 _aالجغرافيا التاريخية
650 0 4 _aالسلالات البشرية
650 0 4 _aالهند
650 0 4 _aالعصر الفرعونى
650 0 4 _aاستراليا
650 0 4 _aدراسات وابحاث
650 0 4 _aقارة امريكيا
942 _2ddc
_cBK
999 _c58058
_d58058